Normal view MARC view

Entry Personal Name

Number of records used in: 1

001 - CONTROL NUMBER

  • control field: 164301

003 - CONTROL NUMBER IDENTIFIER

  • control field: OSt

005 - DATE AND TIME OF LATEST TRANSACTION

  • control field: 20220923220522.0

008 - FIXED-LENGTH DATA ELEMENTS

  • fixed length control field: 220923|| aca||aabn | a|a d

040 ## - CATALOGING SOURCE

  • Original cataloging agency: OSt
  • Transcribing agency: OSt

100 ## - HEADING--PERSONAL NAME

  • Personal name: कार्लाइल, आर डब्लू; कार्लाइल, ऐ जे

670 ## - SOURCE DATA FOUND

  • Source citation: Work cat.: (OSt)340414: कार्लाइल, आर डब्लू; कार्लाइल, ऐ जे, पश्चिम में मध्ययुगीन राजनीतिक सिद्वधान्त का इतिहास, अनु शिवशम्भु तिवारी, 1972
Copyright @ Delhi University Library System